000 01180nam a2200289Ia 4500
003 OSt
005 20220923211214.0
006 a|||||r|||| 00| 0
007 ta
008 220922b |||||||| |||| 00| 0 hin d
020 _a9788126319008 (hbk)
_c180
024 _a285,031
037 _b30, 14/03/2015, P. K. Books
_cTextual
040 _aARTS
_cARTS
_bhin
041 _2hin
_ahin
082 _aO152,1N071x, Q1
100 _aपुष्पा भारती, संपा.
_9159632
245 0 _aकविताएॅं बच्चन की
_b चयन अमिताभ बच्चन का
246 _aKavitāeॅan bachchan kī: chayan amitābh bachchan kā
250 _a2 संस्करण
260 _aनयी दिल्ली
_b भारतीय ज्ञानपीठ
_c2011
300 _a171पृ.
_ccm.
490 _aलोकोदय ग्रन्थमाला; ग्रन्थांक 1028
650 _aहिन्दी साहित्य
_9156264
942 _hO152,1N071x, Q1
_cTEXL
_2CC
999 _c296851
_d296851